Osudové příznaky /

Hlavní autor: Řiháčková, Petra, 1965-
Další autoři: Židlický, David, 1976-
Jazyk: Čeština
Vydáno: Brno : David Židlický, 2009
Vydání: Vyd. 1.
Témata:
Externí odkaz: Digitalizovaný dokument
Fyzický popis: 137 s. : barev. il. ; 25 cm
Knihy
Uloženo v:
LEADER 01664cam a2200445 a 4500
001 nkc20091866902
003 CZ PrNK
005 20090824104005.0
007 ta
008 090512s2009 xr a e f 000 0 cze d
015 |a cnb001866902 
020 |a 978-80-254-4332-3  |q (váz.) 
035 |a (OCoLC)428366386 
040 |a KLG001  |b cze  |d OLA001  |d ABA001 
072 7 |a 616  |x Patologie. Klinická medicína  |2 Konspekt  |9 14 
080 |a 616-006.04  |2 MRF 
080 |a 616-084  |2 MRF 
080 |a (0.062)  |2 MRF 
100 1 |a Řiháčková, Petra,  |d 1965-  |7 xx0095422  |4 aut 
245 1 0 |a Osudové příznaky /  |c Petra Řiháčková ; [fotografie] David Židlický 
250 |a Vyd. 1. 
260 |a Brno :  |b David Židlický,  |c 2009 
300 |a 137 s. :  |b barev. il. ;  |c 25 cm 
500 |a Terminologický slovník 
500 |a Obálkový podnázev: myslíme na prevenci rakoviny 
504 |a Obsahuje bibliografii a bibliografické odkazy 
650 0 7 |a maligní nádorová onemocnění  |7 ph170635  |2 czenas 
650 0 7 |a prevence onemocnění  |7 ph137258  |2 czenas 
650 0 9 |a cancer  |2 eczenas 
650 0 9 |a prevention of diseases  |2 eczenas 
655 7 |a populárně-naučné publikace  |7 fd131864  |2 czenas 
655 9 |a popular works  |2 eczenas 
700 1 |a Židlický, David,  |d 1976-  |7 mzk2004246386  |4 pht 
856 4 1 |u http://www.digitalniknihovna.cz/mzk/uuid/uuid:7f62ea10-eef3-11e4-b834-005056827e51  |y Digitalizovaný dokument  |x NDK 
910 2 |a BOA001  |b 2-1224.235 
928 9 |a Atelier Zidlicky 
990 |a BK 
995 |a 01 
991 |b 200906  |c NOV 
996 6 |b 2610379314  |c 2-1224.235  |l MZK  |r Sklad / do 1 hodiny  |n 3  |p p.v.  |w 000939633  |u 000010  |a 1  |e BOA001  |j MZK50  |s P